| 000 | 01313nam a2200361 i 4500 | ||
|---|---|---|---|
| 001 | 54590 | ||
| 003 | KOSZ 005 | ||
| 005 | 20220920080641.0 | ||
| 008 | 060329s2006 pl a |001 0 pol | ||
| 015 | _aPB 2006/6794 | ||
| 020 | _a8374165316 | ||
| 040 |
_aWA N _cWA N _dKOSZ 005/HR |
||
| 080 | _a336.221.24(438) | ||
| 100 | 1 |
_aLitwińczuk, Hanna _d(1953- ) _eAutor |
|
| 245 | 1 | 0 |
_aPrawo podatkowe przedsiębiorców. _nT. 1 / _cpod red. Hanny Litwińczuk ; [aut.] Hanna Litwińczuk, Piotr Karwat, Wojciech Pietrasiewicz. |
| 250 | _aWyd. 5 zaktual. | ||
| 260 |
_aWarszawa : _bDom Wydawniczy ABC. Oddział Polskich Wydawnictw Profesjonalnych, _ccop. 2006. |
||
| 300 |
_a524, [1] s. : _bil. ; _c24 cm. |
||
| 336 |
_2rdacontent _aTekst _btxt |
||
| 337 |
_2rdamedia _aBez urządzenia pośredniczącego _bn |
||
| 338 |
_2rdacarrier _aWolumin _bnc |
||
| 380 | _aKsiążki | ||
| 388 | _a2001- | ||
| 504 | _aBibliogr. przy rozdz. Indeks. | ||
| 648 | 7 | _a2001- | |
| 650 | 4 | _aPrawo podatkowe | |
| 651 | 7 | _aPolska | |
| 658 | _aPrawo i wymiar sprawiedliwości | ||
| 700 | 1 |
_aKarwat, Piotr _eAutor |
|
| 700 | 1 |
_aPietrasiewicz, Wojciech _eAutor |
|
| 856 |
_uhttp://koha.tu.koszalin.pl/cgi-bin/koha/opac-detail.pl?biblionumber=54490 _yKatalog online BPK |
||
| 942 |
_2UKD _cKS |
||
| 999 |
_c54490 _d54490 |
||